[Event "POL-chT Academic"]
[Site "Katowice"]
[Date "2018.02.03"]
[Round "4.15"]
[White "Jarmula, Pawel"]
[Black "Dowgird, Filip"]
[Result "0-1"]
[WhiteElo "2216"]
[BlackElo "2256"]
[PlyCount "106"]
[EventDate "2018.02.03"]
[EventType "team-swiss (rapid)"]
[EventRounds "9"]
[EventCountry "POL"]
[SourceTitle "CBM 182 Extra"]
[Source "ChessBase"]
[SourceDate "2018.02.23"]
[SourceVersion "1"]
[SourceVersionDate "2018.02.23"]
[SourceQuality "1"]
[WhiteTeam "Warszawa UW"]
[BlackTeam "Wroclaw PWr"]
[WhiteTeamCountry "POL"]
[BlackTeamCountry "POL"]

1. d4 Nf6 2. c4 Nc6 3. Nf3 e6 4. Nc3 Bb4 5. e3 d6 6. Bd3 e5 7. d5 Bxc3+ 8. bxc3 Nb8 9. e4 Nbd7 10. Be3 0-0 11. 0-0 h6 12. Nd2 Qe7 13. Qe2 b6 14. Rae1 Nc5 15. Bc2 Ng4 16. Bxc5 bxc5 17. Rb1 Bd7 18. Rb7 Rfb8 19. Rfb1 Qd8 20. f3 Nf6 21. Qd1 Qc8 22. Rxb8 Rxb8 23. Ba4 Rxb1 24. Nxb1 Qa6 25. Bxd7 Nxd7 26. Qb3 Nb6 27. Nd2 Qa4 28. Kf2 a6 29. Ke3 Qd7 30. Qa3 Qc8 31. Kd3 f5 32. Qb2 Kf7 33. Qc1 a5 34. Qb2 fxe4+ 35. Nxe4 Qa6 36. Nd2 a4 37. g3 Ke7 38. Qb1 Qc8 39. Qe1 Qh3 40. Qe2 Kd7 41. Kc2 Kc8 42. Kd3 h5 43. Kc2 g5 44. Kd3 Qf5+ 45. Qe4 Qf7 46. Kc2 Kb7 47. Kd3 Qg7 48. Qf5 g4 49. fxg4 hxg4 50. Ne4 Qh6 51. Qxg4 Qxh2 52. Qd1 Qxa2 53. g4 Qxc4+ 0-1

[Event "POL-ch Academic"]
[Site "Katowice"]
[Date "2018.02.03"]
[Round "7"]
[White "Jarmula, Pawel"]
[Black "Reza, Wojciech"]
[Result "0-1"]
[WhiteElo "2216"]
[BlackElo "2283"]
[PlyCount "127"]
[EventDate "2018.02.02"]
[EventType "swiss (rapid)"]
[EventRounds "9"]
[EventCountry "POL"]
[SourceTitle "CBM 182 Extra"]
[Source "ChessBase"]
[SourceDate "2018.02.23"]
[SourceVersion "1"]
[SourceVersionDate "2018.02.23"]
[SourceQuality "1"]

1. e4 c5 2. Nf3 e6 3. b3 b6 4. Bb2 Bb7 5. Qe2 Nc6 6. c4 d6 7. g3 e5 8. Bg2 g6 9. Nc3 Bg7 10. 0-0 Nge7 11. Nd5 0-0 12. Nh4 Nxd5 13. cxd5 Nd4 14. Bxd4 exd4 15. d3 Re8 16. Qd2 Bf6 17. Nf3 a5 18. a4 Ba6 19. Qc2 Bg5 20. Nd2 Bxd2 21. Qxd2 Rb8 22. f4 f6 23. Bh3 f5 24. Rfe1 Qf6 25. Bg2 Re7 26. exf5 Rxe1+ 27. Rxe1 Qxf5 28. Be4 Qf6 29. Bf3 Qf5 30. Be4 Qf7 31. Bg2 Re8 32. Rxe8+ Qxe8 33. Be4 Kg7 34. Kg2 Qe7 35. Qe2 Bb7 36. Qg4 Qf7 37. Qf3 Qe7 38. h3 Ba6 39. Kf2 b5 40. axb5 Bxb5 41. f5 Qf6 42. g4 Qe5 43. Kg2 g5 44. h4 h6 45. hxg5 hxg5 46. Qf2 Kf6 47. Qd2 a4 48. Qa5 Qe8 49. bxa4 Bxa4 50. Qc7 Qe7 51. Qc8 Ke5 52. Kg3 Bb5 53. Qb8 Bd7 54. Qh8+ Qf6 55. Qh7 Ba4 56. Qa7 Bb5 57. Qb7 Be8 58. Qc8 Bb5 59. Qe6+ Qxe6 60. dxe6 d5 61. Bg2 Bxd3 62. e7 Bb5 63. Bf1 Bc6 64. Ba6 0-1

[Event "POL-chT U26 rapid"]
[Site "Hucisko"]
[Date "2016.01.17"]
[Round "7.17"]
[White "Lach, Aleksandra"]
[Black "Jarmula, Pawel"]
[Result "1-0"]
[WhiteElo "2154"]
[BlackElo "2228"]
[PlyCount "133"]
[EventDate "2016.01.16"]
[EventType "team-swiss (rapid)"]
[EventRounds "9"]
[EventCountry "POL"]
[SourceTitle "CBM 170 Extra"]
[Source "ChessBase"]
[SourceDate "2016.02.25"]
[SourceVersion "1"]
[SourceVersionDate "2016.02.25"]
[SourceQuality "1"]
[WhiteTeam "Krakow AGH"]
[BlackTeam "Warsaw UW"]
[WhiteTeamCountry "POL"]
[BlackTeamCountry "POL"]

1. e4 c5 2. Nf3 d6 3. d4 cxd4 4. Nxd4 Nf6 5. Nc3 a6 6. Bg5 Nbd7 7. Qe2 Qc7 8. 0-0-0 e6 9. f4 Be7 10. g4 b5 11. Bxf6 gxf6 12. f5 Nc5 13. fxe6 fxe6 14. a3 Bd7 15. Bg2 0-0-0 16. Qf3 Qb6 17. Nf5 Bf8 18. Ne3 Bh6 19. Rhe1 Rhf8 20. Kb1 Bc6 21. Qf2 Kb8 22. Qg3 Nb7 23. Rd3 Ka7 24. h4 Qc5 25. Ne2 Qe5 26. Qf2 Bxe3 27. Rxe3 Kb8 28. b4 a5 29. Rc3 Rc8 30. Nd4 Bd7 31. Rxc8+ Rxc8 32. bxa5 Nxa5 33. Nb3 Nc4 34. Qd4 Nxa3+ 35. Kb2 Nc4+ 36. Kb1 Qxd4 37. Nxd4 e5 38. Ne2 Bxg4 39. Nc3 b4 40. Nb5 Kb7 41. Bf1 Na3+ 42. Nxa3 bxa3 43. Re3 Ra8 44. Bc4 Kb6 45. Ka2 Kc5 46. Bd5 Ra6 47. Rc3+ Kd4 48. Rd3+ Kc5 49. Rc3+ Kb6 50. Rc6+ Ka5 51. Rc3 Kb6 52. Rc6+ Ka5 53. Rc3 Kb6 54. Rc6+ Ka5 55. Rc7 h5 56. Rb7 Rb6 57. Ra7+ Kb5 58. Rxa3 f5 59. Rb3+ Ka6 60. Ra3+ Kb5 61. Rb3+ Ka6 62. Rc3 Kb5 63. Rc7 fxe4 64. Bxe4 Be6+ 65. Kb2 Ka5+ 66. Ka3 Kb5 67. Bd3+ 1-0

[Event "POL-chT U26 rapid"]
[Site "Hucisko"]
[Date "2016.01.16"]
[Round "4.11"]
[White "Wiewiora, Eneasz"]
[Black "Jarmula, Pawel"]
[Result "1-0"]
[WhiteElo "2294"]
[BlackElo "2228"]
[PlyCount "53"]
[EventDate "2016.01.16"]
[EventType "team-swiss (rapid)"]
[EventRounds "9"]
[EventCountry "POL"]
[SourceTitle "CBM 170 Extra"]
[Source "ChessBase"]
[SourceDate "2016.02.25"]
[SourceVersion "1"]
[SourceVersionDate "2016.02.25"]
[SourceQuality "1"]
[WhiteTeam "Katowice UE"]
[BlackTeam "Warsaw UW"]
[WhiteTeamCountry "POL"]
[BlackTeamCountry "POL"]

1. Nf3 Nf6 2. c4 e6 3. g3 b6 4. Bg2 Bb7 5. 0-0 Be7 6. d4 0-0 7. d5 exd5 8. Nh4 c6 9. cxd5 Nxd5 10. Nf5 d6 11. e4 Nf6 12. Bf4 d5 13. Nc3 Na6 14. Re1 Bc5 15. e5 Ne8 16. Qh5 Nac7 17. Rad1 Ne6 18. Bc1 Qc7 19. Qg4 Bc8 20. b4 Be7 21. b5 g6 22. bxc6 h5 23. Nxe7+ Qxe7 24. Nxd5 Qc5 25. Qa4 b5 26. Qb3 N8c7 27. Ba3 1-0

[Event "POL-ch U26 rapid"]
[Site "Hucisko"]
[Date "2016.01.15"]
[Round "4"]
[White "Oszczanowski, Witold"]
[Black "Jarmula, Pawel"]
[Result "0-1"]
[WhiteElo "2101"]
[BlackElo "2228"]
[PlyCount "60"]
[EventDate "2016.01.15"]
[EventType "swiss (rapid)"]
[EventRounds "9"]
[EventCountry "POL"]
[SourceTitle "CBM 170 Extra"]
[Source "ChessBase"]
[SourceDate "2016.02.25"]
[SourceVersion "1"]
[SourceVersionDate "2016.02.25"]
[SourceQuality "1"]

1. e4 c5 2. Nf3 d6 3. d4 cxd4 4. Nxd4 Nf6 5. Nc3 a6 6. Bg5 Nbd7 7. f4 Qc7 8. Qf3 b5 9. 0-0-0 Bb7 10. Bd3 g6 11. Rhe1 Bg7 12. Kb1 0-0 13. Nce2 b4 14. g4 h6 15. Bh4 e5 16. fxe5 dxe5 17. Nb3 a5 18. g5 Nh5 19. Ng3 Nf4 20. Bb5 Bc6 21. Bc4 h5 22. Ne2 a4 23. Nbc1 Nb6 24. Bd3 Nxd3 25. Nxd3 b3 26. cxb3 axb3 27. a3 Bxe4 28. Qxe4 Qc2+ 29. Ka1 Rxa3+ 30. bxa3 Qa2# 0-1

[Event "POL-chT U19 45th"]
[Site "Maslow Pierwszy"]
[Date "2014.07.31"]
[Round "7"]
[White "Lewtak, Dominik"]
[Black "Jarmula, Pawel"]
[Result "0-1"]
[WhiteElo "1986"]
[BlackElo "2140"]
[PlyCount "60"]
[EventDate "2014.07.25"]
[EventType "team-tourn"]
[EventRounds "9"]
[EventCountry "POL"]
[SourceTitle "EXT 2015"]
[Source "ChessBase"]
[SourceDate "2014.11.20"]
[SourceVersion "1"]
[SourceVersionDate "2014.11.20"]
[SourceQuality "1"]
[WhiteTeam "Czarna LKSz GCKiP U19"]
[BlackTeam "Warszawa Gulermak Polonia U19"]
[WhiteTeamCountry "POL"]
[BlackTeamCountry "POL"]

1. Nf3 c5 2. c4 Nc6 3. Nc3 g6 4. g3 Bg7 5. Bg2 d6 6. 0-0 e5 7. d3 Nge7 8. Bd2 0-0 9. a3 h6 10. Rb1 a5 11. Nb5 Be6 12. Ne1 d5 13. cxd5 Nxd5 14. Qc1 Qb6 15. Nc3 Rfd8 16. Bxd5 Bxd5 17. Bxh6 Bb3 18. Bxg7 Kxg7 19. Nf3 Qc7 20. Qe3 b6 21. Nd2 Be6 22. Nb5 Qd7 23. f4 Bh3 24. Rf2 Re8 25. Nc4 Nd4 26. Nc3 Nf5 27. Nxe5 Nxe3 28. Nxd7 Bxd7 29. Ne4 Bc6 30. Nd2 Ng4 0-1

[Event "POL-chT U19 45th"]
[Site "Maslow Pierwszy"]
[Date "2014.07.29"]
[Round "5"]
[White "Jarmula, Pawel"]
[Black "Delekta, Filip"]
[Result "0-1"]
[WhiteElo "2140"]
[BlackElo "1913"]
[PlyCount "86"]
[EventDate "2014.07.25"]
[EventType "team-tourn"]
[EventRounds "9"]
[EventCountry "POL"]
[SourceTitle "EXT 2015"]
[Source "ChessBase"]
[SourceDate "2014.11.20"]
[SourceVersion "1"]
[SourceVersionDate "2014.11.20"]
[SourceQuality "1"]
[WhiteTeam "Warszawa Gulermak Polonia U19"]
[BlackTeam "Gorzow Wielkopolski Stilon U19"]
[WhiteTeamCountry "POL"]
[BlackTeamCountry "POL"]

1. d4 d5 2. c4 e5 3. dxe5 d4 4. Nf3 Nc6 5. a3 a5 6. Nbd2 Bg4 7. h3 Bxf3 8. Nxf3 Bc5 9. Bf4 Nge7 10. g3 0-0 11. Bg2 Ng6 12. Qd2 Qe7 13. Rc1 Ncxe5 14. Nxe5 Nxe5 15. 0-0 c6 16. b4 axb4 17. axb4 Bxb4 18. Qxd4 Ng6 19. Be3 Rfd8 20. Qe4 Qxe4 21. Bxe4 Bd2 22. Bxd2 Rxd2 23. Rfe1 Raa2 24. Kf1 Ne5 25. f4 Nd7 26. Red1 Nc5 27. Rxd2 Rxd2 28. Bf3 f6 29. Ke1 Ra2 30. Rc3 Kf7 31. Kf2 Ke6 32. Ke3 Kd6 33. Bg4 g6 34. Kd4 f5 35. Bf3 Ne6+ 36. Kd3 Kc5 37. Ke3 Ra4 38. Rd3 Rxc4 39. Rd7 b5 40. Rxh7 b4 41. Rb7 Nd4 42. g4 b3 43. gxf5 gxf5 0-1

[Event "Lazy Baltic Pearl op 10th"]
[Site "Lazy"]
[Date "2014.07.03"]
[Round "5"]
[White "Jarmula, Pawel"]
[Black "Licznerski, Lukasz"]
[Result "0-1"]
[WhiteElo "2140"]
[BlackElo "2344"]
[PlyCount "146"]
[EventDate "2014.06.29"]
[EventType "swiss"]
[EventRounds "9"]
[EventCountry "POL"]
[SourceTitle "CBM 161 Extra"]
[Source "ChessBase"]
[SourceDate "2014.08.29"]
[SourceVersion "1"]
[SourceVersionDate "2014.08.29"]
[SourceQuality "1"]

1. e4 Nf6 2. e5 Nd5 3. d4 d6 4. Nf3 Bg4 5. Be2 e6 6. 0-0 Nc6 7. c4 Nb6 8. exd6 cxd6 9. d5 exd5 10. cxd5 Bxf3 11. Bxf3 Ne5 12. Be2 Be7 13. Qb3 0-0 14. Be3 Ned7 15. Nc3 Nc5 16. Bxc5 dxc5 17. Bf3 Bd6 18. g3 c4 19. Qc2 Nd7 20. b3 Ne5 21. Be2 Rc8 22. bxc4 Nxc4 23. Bxc4 Rxc4 24. Qd3 Rc7 25. Nb5 Rd7 26. Nxd6 Rxd6 27. Rfd1 Qa5 28. Rd2 Rc8 29. Rad1 Qa4 30. Qf5 Rcd8 31. Qe5 g6 32. Qe3 b6 33. a3 Rc8 34. Rd4 Qd7 35. a4 Rc5 36. Qd3 Qe7 37. Re4 Qg5 38. Rd4 Qe5 39. Kg2 h5 40. h4 Kg7 41. Qd2 Qf5 42. Qd3 Qxd3 43. R1xd3 Kf8 44. Rd2 Ke7 45. Re2+ Kd8 46. Red2 Rf6 47. f4 Rd6 48. Kf3 f5 49. R2d3 a6 50. Rd2 Kc7 51. R2d3 b5 52. axb5 axb5 53. Ke3 Kb7 54. Kd2 Kb6 55. Ke3 Rc4 56. Rb3 Kc5 57. Rd1 b4 58. Ra1 Re4+ 59. Kf3 Kxd5 60. Rb2 Kc5 61. Rc2+ Rc4 62. Ra5+ Kb6 63. Rca2 Rc3+ 64. Ke2 Rc2+ 65. Rxc2 Kxa5 66. Rc8 b3 67. Rb8 Ka4 68. Ra8+ Kb4 69. Rb8+ Kc3 70. Rc8+ Kb2 71. Rc7 Kb1 72. Rc8 b2 73. Rc7 Ra6 0-1

[Event "Lazy Baltic Pearl op 10th"]
[Site "Lazy"]
[Date "2014.07.01"]
[Round "3"]
[White "Shishkin, Vadim"]
[Black "Jarmula, Pawel"]
[Result "1/2-1/2"]
[WhiteElo "2489"]
[BlackElo "2140"]
[PlyCount "99"]
[EventDate "2014.06.29"]
[EventType "swiss"]
[EventRounds "9"]
[EventCountry "POL"]
[SourceTitle "CBM 161 Extra"]
[Source "ChessBase"]
[SourceDate "2014.08.29"]
[SourceVersion "1"]
[SourceVersionDate "2014.08.29"]
[SourceQuality "1"]

1. d4 Nf6 2. c4 e6 3. Nc3 Bb4 4. Qc2 0-0 5. Nf3 d6 6. Bd2 Nbd7 7. a3 Bxc3 8. Bxc3 d5 9. e3 b6 10. cxd5 exd5 11. b4 Bb7 12. Bd3 c5 13. bxc5 bxc5 14. Rb1 cxd4 15. Bxd4 Ba6 16. 0-0 Rc8 17. Qe2 Bxd3 18. Qxd3 Qa5 19. Rb5 Qa6 20. Qb3 Rfe8 21. g3 h6 22. Kg2 Rc7 23. Rb1 Re6 24. h3 Re8 25. Qb4 Rc4 26. Qa5 Ra4 27. Qxa6 Rxa6 28. R1b3 Rc8 29. Rb7 Nc5 30. Rb8 Nxb3 31. Rxc8+ Kh7 32. Bb2 Ne4 33. Ne5 f6 34. Nd7 h5 35. Rd8 Rc6 36. Rb8 Na5 37. Nf8+ Kh6 38. Bd4 Rc2 39. Rb2 Rxb2 40. Bxb2 Nc4 41. Bd4 Nxa3 42. Bxa7 Nb5 43. Bb6 g5 44. f3 Ned6 45. Bd8 Kg7 46. Nd7 Kf7 47. Nc5 Nc4 48. e4 dxe4 49. Nxe4 Nbd6 50. Nxd6+ 1/2-1/2

[Event "Cappelle op 30th"]
[Site "Cappelle la Grande"]
[Date "2014.03.05"]
[Round "6"]
[White "Georgescu, Tiberiu Marian"]
[Black "Jarmula, Pawel"]
[Result "1-0"]
[WhiteElo "2468"]
[BlackElo "2168"]
[PlyCount "197"]
[EventDate "2014.03.01"]
[EventType "swiss"]
[EventRounds "9"]
[EventCountry "FRA"]
[SourceTitle "CBM 159 Extra"]
[Source "ChessBase"]
[SourceDate "2014.04.24"]
[SourceVersion "1"]
[SourceVersionDate "2014.04.24"]
[SourceQuality "1"]

1. Nf3 d5 2. g3 c6 3. Bg2 Nf6 4. 0-0 Bg4 5. d3 Nbd7 6. Qe1 e5 7. e4 dxe4 8. dxe4 Be7 9. h3 Bxf3 10. Bxf3 0-0 11. Nd2 Qc7 12. Bg2 Nc5 13. b3 Ne6 14. Nf3 Nd7 15. Bb2 c5 16. Rd1 Rfd8 17. Nh2 Nb6 18. Rxd8+ Rxd8 19. Ng4 f6 20. Ne3 Nd4 21. c3 Ne6 22. Qe2 Qd7 23. Rd1 Qc7 24. Re1 Qd7 25. Bc1 Nc7 26. Bf1 Bf8 27. h4 Qc6 28. Qf3 Nb5 29. Nf5 Nd6 30. Rd1 Rd7 31. Nxd6 Rxd6 32. Be3 Rxd1 33. Qxd1 Qd6 34. Qg4 Kh8 35. Bh3 Be7 36. Qh5 g6 37. Qg4 Kg7 38. h5 g5 39. Kh2 Qd3 40. Qe6 Qd6 41. Qf5 Qd8 42. Bg4 Bd6 43. Qf3 Kh8 44. Qd1 Qc7 45. Qe2 Kg7 46. Bf5 Qc6 47. Qg4 Qc7 48. Kg2 Kh6 49. Qd1 Kg7 50. Qd2 Kh6 51. Qe1 Nc8 52. Qd1 Nb6 53. Bg4 Kg7 54. a4 a5 55. Qf3 Qe7 56. Qf5 Na8 57. Be2 Nb6 58. Bb5 Na8 59. Bd2 Nc7 60. Bc4 Qd8 61. Be3 Kh8 62. Qg4 Qe8 63. Qd1 Qe7 64. Be2 Kg7 65. Bg4 Qf8 66. Qd2 Qe7 67. Bf5 Qf8 68. Qd1 Qe7 69. Bc8 b6 70. Qd2 Kh6 71. Bg4 Kg7 72. Qd3 Qf8 73. Qd1 Qe7 74. Be2 Qf8 75. Bc4 Qe7 76. Qg4 Kh6 77. Qc8 Ne8 78. Qc6 Bc7 79. Be6 Bd8 80. Bg4 Kg7 81. Bd7 Nd6 82. Bg4 Ne8 83. f4 gxf4 84. gxf4 exf4 85. Bxf4 Kh8 86. Kf3 Qf7 87. Qd5 Qxd5 88. exd5 Kg7 89. d6 Kf7 90. h6 f5 91. Bxf5 Nf6 92. Bg5 Ke8 93. Be6 Kf8 94. Ke2 Ke8 95. Kd3 Nh5 96. d7+ Kf8 97. Bxd8 Nf4+ 98. Kc4 Nxe6 99. Bf6 1-0

[Event "Tatry op"]
[Site "Tatranske Zruby"]
[Date "2013.10.01"]
[Round "3"]
[White "Jarmula, Pawel"]
[Black "Sejkora, Vlastimil"]
[Result "1-0"]
[WhiteElo "2123"]
[BlackElo "2234"]
[PlyCount "129"]
[EventDate "2013.09.29"]
[EventType "swiss"]
[EventRounds "9"]
[EventCountry "SVK"]
[SourceTitle "CBM 156 Extra"]
[Source "ChessBase"]
[SourceDate "2013.10.22"]
[SourceVersion "1"]
[SourceVersionDate "2013.10.22"]
[SourceQuality "1"]

1. d4 g6 2. c4 Bg7 3. Nc3 c5 4. d5 Nf6 5. e4 d6 6. Nf3 0-0 7. h3 b5 8. cxb5 Qa5 9. Nd2 a6 10. Nc4 Qd8 11. bxa6 Bxa6 12. Be2 Nbd7 13. 0-0 Qb8 14. Qc2 Bxc4 15. Bxc4 Qb4 16. b3 Nxe4 17. Nxe4 Bxa1 18. Bd2 Qa3 19. Rxa1 Ne5 20. Bc1 Qb4 21. Bd2 Qa3 22. Nc3 Nxc4 23. bxc4 Rfb8 24. Nb5 Qa4 25. Qd3 Rb7 26. a3 Kg7 27. Re1 f6 28. Kh2 Rf8 29. Re3 Kf7 30. Qb3 Qxb3 31. Rxb3 Rbb8 32. a4 Ke8 33. a5 Kd7 34. a6 Rb6 35. a7 Ra8 36. Nc7 Rxa7 37. Rxb6 Kxc7 38. Rb2 Ra4 39. Rc2 Kd7 40. Be3 e6 41. dxe6+ Kxe6 42. Kg3 Ra5 43. Re2 Kd7 44. Kf3 Ra4 45. Rc2 Kc6 46. Ke2 Ra3 47. Kd2 Ra5 48. Kc3 Ra1 49. Rd2 g5 50. Kb2 Rg1 51. f3 Re1 52. Bf2 Re6 53. g4 Re8 54. Bg3 Rd8 55. Rd5 Rd7 56. Kc3 h5 57. Kd3 hxg4 58. hxg4 Rd8 59. Be1 Kd7 60. Bc3 Ke6 61. Rf5 Rf8 62. Ke4 Rf7 63. f4 gxf4 64. Rxf4 Rf8 65. Rxf6+ 1-0

[Event "POL-chT1"]
[Site "Szklarska Poreba"]
[Date "2013.09.15"]
[Round "9"]
[White "Jarmula, Pawel"]
[Black "Dudzinski, Pawel"]
[Result "1/2-1/2"]
[WhiteElo "2123"]
[BlackElo "2296"]
[PlyCount "81"]
[EventDate "2013.09.07"]
[EventType "team-tourn"]
[EventRounds "9"]
[EventCountry "POL"]
[SourceTitle "EXT 2015"]
[Source "ChessBase"]
[SourceDate "2014.11.20"]
[SourceVersion "1"]
[SourceVersionDate "2014.11.20"]
[SourceQuality "1"]
[WhiteTeam "Warsaw Polonia"]
[BlackTeam "Ostrow Wielkopolski"]
[WhiteTeamCountry "POL"]
[BlackTeamCountry "POL"]

1. e4 c6 2. d4 d5 3. e5 c5 4. dxc5 Nc6 5. Nf3 e6 6. a3 Qc7 7. Bb5 Bxc5 8. 0-0 a5 9. c4 Nge7 10. Nc3 0-0 11. cxd5 Nxe5 12. Bf4 N7g6 13. Bg3 Nxf3+ 14. Qxf3 e5 15. Rfd1 Qb6 16. Qd3 Bd4 17. Ne2 Bg4 18. Nxd4 Bxd1 19. Rxd1 exd4 20. a4 Rfd8 21. Qxd4 Qxd4 22. Rxd4 Ne7 23. d6 Nf5 24. Rd2 Rac8 25. f3 Nxg3 26. hxg3 Kf8 27. d7 Rc7 28. Re2 Rcxd7 29. Bxd7 Rxd7 30. Kf2 Rd4 31. b3 Rb4 32. Re3 b5 33. axb5 Rxb5 34. Ke2 Rb4 35. Kf2 h5 36. Re5 Rxb3 37. Rxa5 Rb2+ 38. Kg1 g6 39. Kh2 Rb1 40. Ra4 Kg7 41. g4 1/2-1/2

[Event "Olsztyn op U18 blitz"]
[Site "Olsztyn"]
[Date "2013.08.04"]
[Round "19"]
[White "Jarmula, Pawel"]
[Black "Dragun, Kamil"]
[Result "1-0"]
[WhiteElo "2266"]
[BlackElo "2265"]
[PlyCount "125"]
[EventDate "2013.08.03"]
[EventType "swiss (blitz)"]
[EventRounds "22"]
[EventCountry "POL"]
[SourceTitle "CBM 155 Extra"]
[Source "ChessBase"]
[SourceDate "2013.08.26"]
[SourceVersion "1"]
[SourceVersionDate "2013.08.26"]
[SourceQuality "1"]

1. e4 c5 2. Nf3 d6 3. Bb5+ Nd7 4. 0-0 a6 5. Bxd7+ Bxd7 6. d4 cxd4 7. Qxd4 Nf6 8. Bg5 e6 9. c4 Bc6 10. Nc3 Be7 11. Rfe1 h6 12. Bh4 0-0 13. Rad1 Qa5 14. a3 Rfd8 15. Nd5 Nxd5 16. exd5 Bxh4 17. Nxh4 e5 18. Qe3 Bd7 19. b4 Qc7 20. c5 Bg4 21. f3 Bd7 22. g3 a5 23. cxd6 Qxd6 24. Qxe5 Qb6+ 25. Qd4 Qd6 26. Ng2 axb4 27. axb4 Ra4 28. Re4 Bf5 29. Rf4 Bg6 30. Ne3 Rc8 31. Rd2 Ra3 32. Ng4 Rc1+ 33. Kg2 Qa6 34. Qf2 Bd3 35. h4 Bf1+ 36. Kh2 Raa1 37. d6 Bb5 38. d7 Rh1+ 39. Kg2 Rag1+ 40. Qxg1 Rxg1+ 41. Kxg1 Bxd7 42. Rxd7 Qa1+ 43. Kh2 h5 44. Nf2 Qb2 45. Kg2 f6 46. Rfd4 b5 47. Rd8+ Kh7 48. R8d5 Kg6 49. Re4 f5 50. Rf4 Qc2 51. Rdxf5 Qe2 52. Rg5+ Kh6 53. Rff5 g6 54. Rf6 Kg7 55. Rgxg6+ Kh7 56. Rg5 Qc4 57. Rf4 Qc3 58. Rxh5+ Kg6 59. Rg5+ Kh6 60. Kh3 Qb2 61. Ng4+ Kh7 62. Rf6 Qa1 63. Rh6# 1-0

[Event "Olsztyn op U18 blitz"]
[Site "Olsztyn"]
[Date "2013.08.04"]
[Round "18"]
[White "Jarmula, Pawel"]
[Black "Stankiewicz, Pawel"]
[Result "1-0"]
[WhiteElo "2266"]
[BlackElo "2058"]
[PlyCount "59"]
[EventDate "2013.08.03"]
[EventType "swiss (blitz)"]
[EventRounds "22"]
[EventCountry "POL"]
[SourceTitle "CBM 155 Extra"]
[Source "ChessBase"]
[SourceDate "2013.08.26"]
[SourceVersion "1"]
[SourceVersionDate "2013.08.26"]
[SourceQuality "1"]

1. e4 c5 2. Nf3 d6 3. Bb5+ Bd7 4. Bxd7+ Qxd7 5. 0-0 Nc6 6. c3 g6 7. d4 cxd4 8. cxd4 Bg7 9. Nc3 e6 10. Re1 Nge7 11. d5 Ne5 12. Nxe5 Bxe5 13. Bh6 Rc8 14. Rc1 Ng8 15. Be3 Ne7 16. f4 Bg7 17. Bxa7 0-0 18. Bd4 exd5 19. Bxg7 Kxg7 20. exd5 Nf5 21. Qd3 Rfe8 22. g3 Qc7 23. Kh1 Qb6 24. b3 Qf2 25. Ne4 Rxc1 26. Rxc1 Qxa2 27. Qc3+ Kh6 28. Nf6 Re2 29. Ng8+ Kh5 30. Qf3# 1-0

[Event "Olsztyn op U18 blitz"]
[Site "Olsztyn"]
[Date "2013.08.04"]
[Round "17"]
[White "Stankiewicz, Pawel"]
[Black "Jarmula, Pawel"]
[Result "1-0"]
[WhiteElo "2058"]
[BlackElo "2266"]
[PlyCount "45"]
[EventDate "2013.08.03"]
[EventType "swiss (blitz)"]
[EventRounds "22"]
[EventCountry "POL"]
[SourceTitle "CBM 155 Extra"]
[Source "ChessBase"]
[SourceDate "2013.08.26"]
[SourceVersion "1"]
[SourceVersionDate "2013.08.26"]
[SourceQuality "1"]

1. e4 c5 2. Nf3 d6 3. d4 cxd4 4. Nxd4 Nf6 5. Nc3 a6 6. Bg5 Nbd7 7. f4 Qc7 8. Qf3 b5 9. 0-0-0 Bb7 10. Bd3 e6 11. Rhe1 h6 12. Bxf6 Nxf6 13. Qg3 b4 14. Nb1 Qa5 15. e5 dxe5 16. Rxe5 Qxa2 17. Nxe6 fxe6 18. Bg6+ Ke7 19. Qe3 Rc8 20. f5 Bd5 21. Qa7+ Kd8 22. fxe6 Bc5 23. e7+ 1-0

[Event "Olsztyn op U18 blitz"]
[Site "Olsztyn"]
[Date "2013.08.03"]
[Round "7"]
[White "Drozdowski, Kacper"]
[Black "Jarmula, Pawel"]
[Result "1-0"]
[WhiteElo "2437"]
[BlackElo "2266"]
[PlyCount "57"]
[EventDate "2013.08.03"]
[EventType "swiss (blitz)"]
[EventRounds "22"]
[EventCountry "POL"]
[SourceTitle "CBM 155 Extra"]
[Source "ChessBase"]
[SourceDate "2013.08.26"]
[SourceVersion "1"]
[SourceVersionDate "2013.08.26"]
[SourceQuality "1"]

1. e4 c5 2. Nf3 d6 3. d4 cxd4 4. Qxd4 a6 5. c4 Nc6 6. Qe3 g6 7. h3 Bg7 8. Be2 Nf6 9. 0-0 0-0 10. Rd1 Nd7 11. Nc3 Nde5 12. Nxe5 Nxe5 13. c5 Be6 14. cxd6 exd6 15. Qg3 Qb6 16. Rb1 f5 17. Be3 Qc6 18. exf5 Bxf5 19. Nd5 Rae8 20. Rbc1 Qd7 21. Rc7 Qe6 22. Rxb7 Rf7 23. Nc7 Qxa2 24. Nxe8 Rxb7 25. Nxd6 Rb8 26. Nxf5 gxf5 27. Bd4 Qe6 28. Bc4 Qxc4 29. Bxe5 1-0

[Event "Olsztyn op U18 rapid"]
[Site "Olsztyn"]
[Date "2013.08.02"]
[Round "7"]
[White "Jarmula, Pawel"]
[Black "Lewtak, Damian"]
[Result "1/2-1/2"]
[WhiteElo "2133"]
[BlackElo "2265"]
[PlyCount "104"]
[EventDate "2013.08.01"]
[EventType "swiss (rapid)"]
[EventRounds "11"]
[EventCountry "POL"]
[SourceTitle "CBM 155 Extra"]
[Source "ChessBase"]
[SourceDate "2013.08.26"]
[SourceVersion "1"]
[SourceVersionDate "2013.08.26"]
[SourceQuality "1"]

1. d4 e6 2. c4 Nf6 3. Nf3 b6 4. g3 Bb7 5. Bg2 Bb4+ 6. Bd2 Be7 7. 0-0 0-0 8. Re1 Ne4 9. Nc3 f5 10. d5 Bf6 11. Rc1 d6 12. dxe6 Re8 13. Be3 Bxc3 14. bxc3 Rxe6 15. Nd4 Re5 16. Bf4 Ra5 17. Qc2 g6 18. f3 Nc5 19. e4 fxe4 20. fxe4 Nbd7 21. Nb3 Nxb3 22. axb3 Ne5 23. b4 Ra3 24. Bxe5 dxe5 25. Qb2 Ra6 26. Rcd1 Qe7 27. Qd2 Rf8 28. Re3 Qg5 29. h4 Qg4 30. Qd7 Qxd7 31. Rxd7 Ra1+ 32. Kh2 Rf7 33. Red3 Ra2 34. Rd8+ Kg7 35. Rd2 Rxd2 36. Rxd2 Kf6 37. Kg1 Ke7 38. Rd1 Ke8 39. Rd2 Rd7 40. Ra2 a6 41. Kf2 c5 42. bxc5 bxc5 43. Ke2 Kd8 44. Ra5 Rc7 45. Ke3 Ke7 46. Bf1 Kd6 47. Ra1 Rf7 48. Bh3 Kc7 49. Be6 Rf6 50. Bh3 h6 51. Bg4 h5 52. Bh3 Rf7 1/2-1/2